| 000 | 00535 a2200169 4500 | ||
|---|---|---|---|
| 999 |
_c2913 _d2913 |
||
| 020 | _a8171418597 | ||
| 050 | _aLB 1131 RAN 2004 | ||
| 100 |
_aRani, Swarupa T. _eAuthor |
||
| 245 |
_aEducational measurement and evaluation / _cT. Swarupa Rani and J. R. Priyadarsaini |
||
| 264 |
_aNew Delhi: _bDiscovery Publishing House, _c2004 |
||
| 300 |
_aviii, 342p. : _bill. |
||
| 500 | _aIncludes index | ||
| 650 | _aEducational evaluation | ||
| 650 | _aEducational measurement | ||
| 700 | _aPriyadarsaini J. R. | ||
| 942 |
_2lcc _cBK _h1131 _iRAW _kLB |
||